[Event "4MCR_3DW_1L_1S"]
[Site "CR"]
[Date "2011.??.??"]
[Round "?"]
[White "Koehler, Josef"]
[Black "Nepustil, Frantisek"]
[Result "1/2-1/2"]
[WhiteElo "2161"]
[BlackElo "2360"]
[Annotator "063"]
[PlyCount "82"]
[EventDate "2011.??.??"]
[EventType "corr"]

1. Nf3 Nf6 2. g3 g6 3. Bg2 Bg7 4. c4 O-O 5. d4 d6 6. O-O Nc6 7. Nc3 Bf5 8. b3
Ne4 9. Bb2 e6 10. Rc1 Nxc3 11. Bxc3 d5 12. Nh4 Bg4 13. h3 Bh5 14. Qd3 a6 15. e3
Re8 16. a3 Rc8 17. b4 Nb8 18. cxd5 exd5 19. a4 c6 20. b5 g5 21. Nf3 Bg6 22. Qe2
axb5 23. axb5 Nd7 24. bxc6 bxc6 25. Ra1 Nf8 26. Ra7 Ne6 27. Ne5 Bxe5 28. dxe5
Qb6 29. Rfa1 Rb8 30. Qe1 Qc5 31. R7a4 Qe7 32. Ra6 Rec8 33. Qd2 Rb3 34. Bf3 Qc5
35. Rc1 Rcb8 36. Kg2 Rb1 37. Rxb1 Rxb1 38. Be2 Kg7 39. Ra1 Rxa1 40. Bxa1 Qa3
41. Bb2 Qb3 1/2-1/2

[Event "4MCR_3DW_1L_1S"]
[Site "CR"]
[Date "2011.??.??"]
[Round "?"]
[White "Kudr, Roman"]
[Black "Hrdy, Roman"]
[Result "1/2-1/2"]
[WhiteElo "2224"]
[BlackElo "2333"]
[Annotator "064"]
[PlyCount "85"]
[EventDate "2011.??.??"]
[EventType "corr"]

1. e4 c5 2. Nf3 d6 3. d4 cxd4 4. Nxd4 Nf6 5. Nc3 a6 6. Be3 e5 7. Nb3 Be6 8. f3
h5 9. Nd5 Bxd5 10. exd5 Nbd7 11. Qd2 Qc7 12. c4 Be7 13. Bd3 h4 14. O-O a5 15.
a4 Kf8 16. Rac1 h3 17. g3 b6 18. Kh1 Kg8 19. Qc2 Bf8 20. g4 g6 21. Rg1 Bg7 22.
Rg3 e4 23. fxe4 Rh4 24. Rcg1 Ne5 25. Be2 Qe7 26. Bxb6 Ned7 27. Bxa5 Nxe4 28.
Rf3 Ng5 29. Rff1 Bxb2 30. Be1 Rh8 31. a5 Qe4+ 32. Qxe4 Nxe4 33. Rf3 Re8 34. Re3
Kg7 35. Bd1 Nec5 36. Nxc5 Nxc5 37. Rf3 Re4 38. g5 Rhe8 39. Bg3 Be5 40. Bxe5+
R4xe5 41. Rxh3 Ra8 42. Ra3 Nb7 43. a6 1/2-1/2

[Event "4MCR_3DW_1L_1S"]
[Site "CR"]
[Date "2011.??.??"]
[Round "?"]
[White "Hrdy, Roman"]
[Black "Hladecek, Miloslav"]
[Result "1/2-1/2"]
[WhiteElo "2333"]
[BlackElo "2412"]
[Annotator "065"]
[PlyCount "104"]
[EventDate "2011.??.??"]
[EventType "corr"]

1. d4 Nf6 2. Bg5 e6 3. e4 c5 4. e5 h6 5. Bc1 Nd5 6. c4 Ne7 7. Nf3 cxd4 8. Qxd4
Nbc6 9. Qe4 Ng6 10. Nc3 Qc7 11. Nb5 Qb8 12. Bd2 a6 13. Nd6+ Bxd6 14. exd6 Qxd6
15. h4 Qc7 16. h5 Nge7 17. Bc3 f6 18. Rd1 b5 19. cxb5 axb5 20. Bxb5 Rxa2 21.
Qc4 Ra7 22. O-O O-O 23. Ra1 d5 24. Qc5 Rb7 25. Rfd1 Qb6 26. Qxb6 Rxb6 27. Ba4
e5 28. Bxc6 Rxc6 29. Bb4 Re8 30. Bxe7 Rxe7 31. Rxd5 Bg4 32. Nh4 Bxh5 33. f4 g6
34. Rd8+ Kf7 35. Rh8 f5 36. Raa8 exf4 37. Raf8+ Ke6 38. Nxf5 Rd7 39. Nxh6 g5
40. Kh2 Rc2 41. Rc8 Rdd2 42. Rxc2 Rxc2 43. Kg1 Rxb2 44. Rc8 Rb5 45. g4 Bf7 46.
Nxf7 Kxf7 47. Kf2 Ke6 48. Re8+ Kd5 49. Rd8+ Ke4 50. Re8+ Kd4 51. Rg8 Rb2+ 52.
Kf3 Rb5 1/2-1/2

[Event "4MCR_3DW_1L_1S"]
[Site "CR"]
[Date "2011.??.??"]
[Round "?"]
[White "Koehler, Josef"]
[Black "Ressler, Vladimir"]
[Result "0-1"]
[WhiteElo "2161"]
[BlackElo "2314"]
[Annotator "066"]
[PlyCount "144"]
[EventDate "2011.??.??"]
[EventType "corr"]

1. Nf3 Nf6 2. g3 d5 3. Bg2 c6 4. O-O Bg4 5. c4 e6 6. d3 Nbd7 7. cxd5 exd5 8.
Nc3 Be7 9. h3 Bxf3 10. Bxf3 O-O 11. Bg2 d4 12. Ne4 Nxe4 13. dxe4 Qb6 14. Qc2
Rfe8 15. Rb1 Rad8 16. Rd1 a5 17. b3 Bf6 18. Kh2 h5 19. f4 h4 20. g4 Nf8 21. Kh1
Be7 22. Qc4 Qc5 23. e5 Ne6 24. Rf1 Rd7 25. Bf3 Bf8 26. Qd3 Qc3 27. Rd1 Bb4 28.
a3 Qxd3 29. exd3 Bc3 30. Kg2 Rde7 31. g5 g6 32. Be4 a4 33. b4 Nc7 34. Kf3 Kg7
35. Kg4 Rh8 36. Rg1 Nb5 37. Bf3 Ree8 38. Rg2 Ra8 39. Re2 Rae8 40. f5 gxf5+ 41.
Kxf5 Re6 42. Re4 Nc7 43. Bd1 b5 44. Bf3 Rhe8 45. Re2 Na6 46. Bf4 c5 47. bxc5
Nxc5 48. Rxb5 Nxd3 49. Bh2 R6e7 50. Re4 Rh8 51. Bg1 Rd8 52. Rxh4 Ne1 53. Bd1
Ng2 54. Re4 Rh8 55. Bg4 Nh4+ 56. Kf4 Ng6+ 57. Kg3 Rd8 58. e6 d3 59. Bb6 Rd6 60.
Bc5 Rd5 61. Rc4 Be5+ 62. Kf2 fxe6 63. Rxa4 Rf7+ 64. Ke3 d2 65. Bd1 Kh7 66. Rab4
Rf1 67. Rb7+ Kg8 68. Rb8+ Bxb8 69. Rxb8+ Kf7 70. Rb7+ Ke8 71. Ba4+ Kd8 72. Bd4
d1=Q 0-1

[Event "4MCR_3DW_1L_1S"]
[Site "CR"]
[Date "2011.??.??"]
[Round "?"]
[White "Nepustil, Frantisek"]
[Black "Kudr, Roman"]
[Result "1/2-1/2"]
[WhiteElo "2360"]
[BlackElo "2224"]
[Annotator "067"]
[PlyCount "83"]
[EventDate "2011.??.??"]
[EventType "corr"]

1. e4 e5 2. Nf3 Nc6 3. Bb5 a6 4. Ba4 Nf6 5. O-O Be7 6. Re1 b5 7. Bb3 O-O 8. c3
d6 9. h3 Na5 10. Bc2 c5 11. d4 Qc7 12. Nbd2 cxd4 13. cxd4 Nc6 14. Nb3 a5 15.
Be3 a4 16. Nbd2 Bd7 17. Rc1 Qb7 18. Qe2 Rfc8 19. Bb1 h6 20. Red1 Bd8 21. Nf1 b4
22. Bd3 exd4 23. Nxd4 Ne5 24. Rxc8 Qxc8 25. Bb1 Qa6 26. Qe1 Ba5 27. b3 d5 28.
f4 Nc6 29. e5 Ne4 30. Bxe4 dxe4 31. Ng3 Nxd4 32. Bxd4 axb3 33. axb3 Be6 34.
Qxe4 Rd8 35. Ra1 Bxb3 36. Nf5 Qc4 37. Rxa5 Bc2 38. Qc6 Rxd4 39. Nxh6+ Kh7 40.
Qxc4 Rxc4 41. Nxf7 Rxf4 42. Nd6 1/2-1/2

[Event "4MCR_3DW_1L_1S"]
[Site "CR"]
[Date "2011.??.??"]
[Round "?"]
[White "Hrdy, Roman"]
[Black "Ressler, Vladimir"]
[Result "1/2-1/2"]
[WhiteElo "2333"]
[BlackElo "2314"]
[Annotator "068"]
[PlyCount "107"]
[EventDate "2011.??.??"]
[EventType "corr"]

1. d4 Nf6 2. Bg5 Ne4 3. Bf4 c5 4. f3 Qa5+ 5. c3 Nf6 6. d5 Qb6 7. Bc1 e6 8. c4
exd5 9. cxd5 c4 10. e3 Bc5 11. Bxc4 d6 12. Nc3 O-O 13. Nge2 Bxe3 14. Bxe3 Qxe3
15. Qd4 Qxd4 16. Nxd4 Nbd7 17. Bb3 Ne5 18. Kd2 a6 19. Rhe1 Bd7 20. f4 Ng6 21.
g3 Rae8 22. a3 Ne7 23. Rac1 Nc8 24. Kd3 Nb6 25. Nf3 Bf5+ 26. Kd4 Rc8 27. a4 Rc5
28. Nd2 Rfc8 29. Ra1 R5c7 30. a5 Nbd7 31. Nc4 Rd8 32. Ba2 Nc5 33. Ne3 Bh3 34.
Rac1 Kf8 35. b4 Ncd7 36. Nc4 Ne8 37. Ne4 Ndf6 38. Nf2 Bf5 39. h3 h5 40. Nb6
Rxc1 41. Rxc1 Nd7 42. Nc4 Ndf6 43. Bb3 Rc8 44. Ba4 Nc7 45. g4 Bh7 46. Rd1 Nfxd5
47. f5 Rb8 48. Nxd6 hxg4 49. hxg4 b6 50. Rc1 f6 51. Bb3 Bg8 52. Bxd5 Nxd5 53.
Rc6 Ke7 54. axb6 1/2-1/2

[Event "4MCR_3DW_1L_1S"]
[Site "CR"]
[Date "2011.??.??"]
[Round "?"]
[White "Nepustil, Frantisek"]
[Black "Canibal, Jaromir"]
[Result "1-0"]
[WhiteElo "2360"]
[BlackElo "2293"]
[Annotator "069"]
[PlyCount "73"]
[EventDate "2011.??.??"]
[EventType "corr"]

1. e4 e5 2. Nf3 Nc6 3. Bb5 a6 4. Ba4 Nf6 5. O-O Be7 6. Re1 b5 7. Bb3 O-O 8. c3
Bb7 9. d4 d6 10. Nbd2 Na5 11. Bc2 exd4 12. cxd4 c5 13. d5 Nd7 14. b3 Bf6 15.
Rb1 Bc3 16. Bd3 h6 17. Qc2 Bf6 18. Nf1 Rc8 19. Ne3 Re8 20. Bf1 h5 21. Nf5 Ne5
22. Nxe5 Bxe5 23. f4 Bf6 24. Bb2 c4 25. Bxf6 Qxf6 26. b4 g6 27. Ng3 Nc6 28.
dxc6 Bxc6 29. f5 Re5 30. fxg6 fxg6 31. Nh1 Rce8 32. Nf2 d5 33. Qc3 dxe4 34. g3
Kg7 35. Qe3 Qg5 36. Bg2 R5e6 37. Qxg5 1-0

[Event "4MCR_3DW_1L_1S"]
[Site "CR"]
[Date "2011.??.??"]
[Round "?"]
[White "Kudr, Roman"]
[Black "Nepustil, Frantisek"]
[Result "1/2-1/2"]
[WhiteElo "2224"]
[BlackElo "2360"]
[Annotator "070"]
[PlyCount "87"]
[EventDate "2011.??.??"]
[EventType "corr"]

1. e4 c5 2. Nf3 Nc6 3. d4 cxd4 4. Nxd4 Nf6 5. Nc3 d6 6. Bg5 e6 7. Qd2 a6 8.
O-O-O Bd7 9. f3 Be7 10. g4 h5 11. Nxc6 Bxc6 12. gxh5 Rxh5 13. h4 Qc7 14. Be2 b5
15. a3 Qb7 16. Na2 a5 17. Kb1 Kf8 18. Rhg1 b4 19. axb4 axb4 20. Nxb4 Qa7 21. c3
Ba4 22. Nc2 Bb3 23. Qd4 Qa2+ 24. Kc1 Rb8 25. c4 Qa4 26. Bxf6 gxf6 27. Bd3 Rc8
28. Kd2 Qa5+ 29. Qc3 Qb6 30. Rg4 Bd8 31. Rf1 d5 32. exd5 Rxd5 33. Ne3 Re5 34.
Re4 Rh5 35. Rg4 Rb8 36. Rfg1 Ke7 37. Ra1 Bc7 38. Ke2 Rc5 39. Kf1 Be5 40. Qd2
Qc7 41. h5 f5 42. Bxf5 Bxc4+ 43. Nxc4 Rxc4 44. Bd3 1/2-1/2

[Event "4MCR_3DW_1L_1S"]
[Site "CR"]
[Date "2011.??.??"]
[Round "?"]
[White "Nepustil, Frantisek"]
[Black "Vozda, Jindrich"]
[Result "1/2-1/2"]
[WhiteElo "2360"]
[BlackElo "2451"]
[Annotator "071"]
[PlyCount "73"]
[EventDate "2011.??.??"]
[EventType "corr"]

1. e4 e5 2. Nf3 Nc6 3. Bb5 a6 4. Ba4 Nf6 5. d3 d6 6. c3 b5 7. Bc2 Be7 8. Nbd2
O-O 9. O-O d5 10. h3 dxe4 11. dxe4 Be6 12. a4 Qb8 13. Ng5 Bd7 14. Qe2 Qb7 15.
b4 h6 16. Ngf3 Rfd8 17. Re1 Bd6 18. Nh4 Ne7 19. Nb3 bxa4 20. Na5 Qb8 21. Nc4
Bc6 22. Bd2 Bb5 23. Bxa4 Bxa4 24. Rxa4 c5 25. Nf3 cxb4 26. Nxd6 Rxd6 27. cxb4
Rb6 28. Ra5 Ng6 29. Qc4 Qd6 30. Bc3 Re8 31. g3 Qd7 32. Nxe5 Nxe5 33. Rxe5 Rxe5
34. Bxe5 Qxh3 35. Bd4 Rd6 36. e5 Re6 37. Qf1 1/2-1/2

[Event "4MCR_3DW_1L_1S"]
[Site "CR"]
[Date "2011.??.??"]
[Round "?"]
[White "Vozda, Jindrich"]
[Black "Hrdy, Roman"]
[Result "1/2-1/2"]
[WhiteElo "2451"]
[BlackElo "2333"]
[Annotator "072"]
[PlyCount "99"]
[EventDate "2011.??.??"]
[EventType "corr"]

1. e4 c5 2. Nf3 d6 3. d4 cxd4 4. Nxd4 Nf6 5. Nc3 a6 6. Bg5 e6 7. f4 Qb6 8. Qd2
Qxb2 9. Rb1 Qa3 10. Bxf6 gxf6 11. Be2 Bg7 12. O-O f5 13. Rfd1 Nc6 14. Nxc6 Bxc3
15. Qe3 bxc6 16. Rb3 Qc5 17. Rxc3 Qxe3+ 18. Rxe3 Kd7 19. exf5 exf5 20. Red3 d5
21. c4 Ke7 22. cxd5 cxd5 23. Rxd5 Be6 24. Ra5 Rhb8 25. a4 Rb4 26. g3 Bb3 27.
Ra1 Bc2 28. Ra2 Bb1 29. Rd2 Ra7 30. Kf2 Kf8 31. Bf1 Kg7 32. Bb5 Be4 33. Be2 Rb6
34. Bf3 Re7 35. Bxe4 fxe4 36. Rg5+ Kf6 37. Rdd5 Rb2+ 38. Ke3 Rb3+ 39. Ke2 Rc7
40. Rdf5+ Ke6 41. Re5+ Kf6 42. Rc5 Rb2+ 43. Ke3 Rb3+ 44. Kxe4 Rb4+ 45. Kf3 Rxc5
46. Rxc5 Rxa4 47. Rc6+ Kg7 48. Kg4 h6 49. Rd6 Kh7 50. h3 1/2-1/2

[Event "4MCR_3DW_1L_1S"]
[Site "CR"]
[Date "2011.??.??"]
[Round "?"]
[White "Vozda, Jindrich"]
[Black "Ressler, Vladimir"]
[Result "1-0"]
[WhiteElo "2451"]
[BlackElo "2314"]
[Annotator "073"]
[PlyCount "89"]
[EventDate "2011.??.??"]
[EventType "corr"]

1. e4 e5 2. Nf3 Nc6 3. Bb5 a6 4. Ba4 Nf6 5. O-O Be7 6. Re1 b5 7. Bb3 d6 8. c3
O-O 9. h3 Na5 10. Bc2 c5 11. d4 Qc7 12. d5 Bd7 13. b3 Rfe8 14. Be3 g6 15. Nbd2
Nh5 16. Nf1 Nb7 17. c4 f6 18. Qd2 Nd8 19. g4 Ng7 20. Ng3 Nf7 21. Kh2 Reb8 22.
Bd3 b4 23. a4 a5 24. Rg1 Rf8 25. Ne1 Rae8 26. Qe2 Bc8 27. Rh1 Qd7 28. Ng2 Bd8
29. Bd2 Kh8 30. Kg1 Be7 31. Ne3 Nh6 32. Rh2 Rg8 33. Kh1 Rd8 34. f3 Nf7 35. h4
h6 36. Bc2 Rge8 37. Rf1 Kg8 38. Qg2 Rf8 39. Rg1 Kh8 40. Nef5 gxf5 41. exf5 Ne8
42. g5 Rg8 43. g6 Bf8 44. Be3 Qe7 45. Qd2 1-0

[Event "4MCR_3DW_1L_1S"]
[Site "CR"]
[Date "2011.??.??"]
[Round "?"]
[White "Canibal, Jaromir"]
[Black "Hladecek, Miloslav"]
[Result "1/2-1/2"]
[WhiteElo "2293"]
[BlackElo "2412"]
[Annotator "074"]
[PlyCount "106"]
[EventDate "2011.??.??"]
[EventType "corr"]

1. e4 c5 2. c3 Nf6 3. e5 Nd5 4. d4 cxd4 5. Nf3 Nc6 6. cxd4 d6 7. Bc4 dxe5 8.
dxe5 Be6 9. Qe2 g6 10. O-O Qc7 11. Rd1 Rd8 12. Na3 a6 13. Qe4 Bf5 14. Qe2 Be6
15. Qe4 Nb6 16. Rxd8+ Qxd8 17. Bxe6 Qd1+ 18. Qe1 Qxe1+ 19. Nxe1 fxe6 20. f4 g5
21. Nd3 Bg7 22. fxg5 Nxe5 23. Nc5 Kf7 24. Bd2 Nf3+ 25. gxf3 Bxb2 26. Nc2 Bxa1
27. Nxa1 Rc8 28. Nab3 Nc4 29. Bc3 a5 30. h4 b6 31. Nd3 Nd6 32. Bd4 Rc2 33. Bxb6
a4 34. Nbc1 Nc4 35. Bc5 e5 36. a3 Kf8 37. Kf1 e4 38. fxe4 Nd2+ 39. Ke1 Nxe4 40.
Be3 Rh2 41. Bf4 Rxh4 42. Ke2 e5 43. Ke3 exf4+ 44. Kxe4 Rh1 45. Kxf4 Rg1 46. Na2
Ra1 47. Ndb4 Kf7 48. Kg4 Kg6 49. Nc3 Rxa3 50. Nba2 Rb3 51. Nxa4 Rb5 52. N2c3
Rxg5+ 53. Kf4 Rf5+ 1/2-1/2

[Event "4MCR_3DW_1L_1S"]
[Site "CR"]
[Date "2011.??.??"]
[Round "?"]
[White "Nepustil, Frantisek"]
[Black "Ressler, Vladimir"]
[Result "1-0"]
[WhiteElo "2360"]
[BlackElo "2314"]
[Annotator "075"]
[PlyCount "121"]
[EventDate "2011.??.??"]
[EventType "corr"]

1. e4 e5 2. Nf3 Nc6 3. Bb5 a6 4. Ba4 Nf6 5. O-O Be7 6. Re1 b5 7. Bb3 d6 8. c3
O-O 9. d4 Bg4 10. Be3 exd4 11. cxd4 Na5 12. Bc2 c5 13. h3 Bxf3 14. Qxf3 cxd4
15. Bxd4 Rc8 16. Qd1 Nd7 17. Nc3 Bf6 18. Rc1 Bg5 19. Rb1 Nc6 20. Be3 Bxe3 21.
Rxe3 Nce5 22. Bb3 Nc5 23. Bd5 Ne6 24. Ne2 Qb6 25. Qd2 Nc4 26. Bxc4 Rxc4 27. b3
Rc6 28. Nc3 Rfc8 29. Nd5 Qd8 30. Rg3 Kh8 31. Qe1 h6 32. Nb4 Rc5 33. Nxa6 Rg5
34. Nb4 Rxg3 35. fxg3 Qe7 36. Qf2 Nc5 37. Qf5 Re8 38. Re1 Qa7 39. Kh2 f6 40.
Re2 Qb7 41. Qd5 Qxd5 42. Nxd5 Re5 43. Nc3 Na6 44. Rd2 b4 45. Ne2 Nc5 46. Nf4
Re8 47. Rxd6 Ra8 48. Rd5 Nxe4 49. Rd4 Nc5 50. Rc4 Ra5 51. g4 Kg8 52. Nd5 Na6
53. Nxb4 Nxb4 54. Rxb4 Rxa2 55. Rb7 Kf8 56. Kg3 Rb2 57. b4 Kg8 58. h4 Rb1 59.
b5 Rb4 60. h5 Kf8 61. b6 1-0

[Event "4MCR_3DW_1L_1S"]
[Site "CR"]
[Date "2011.??.??"]
[Round "?"]
[White "Canibal, Jaromir"]
[Black "Kudr, Roman"]
[Result "1-0"]
[WhiteElo "2293"]
[BlackElo "2224"]
[Annotator "076"]
[PlyCount "67"]
[EventDate "2011.??.??"]
[EventType "corr"]

1. e4 e6 2. d4 d5 3. Nd2 a6 4. Ngf3 Nf6 5. e5 Nfd7 6. Bd3 c5 7. c3 Nc6 8. O-O
g5 9. Nb3 h6 10. Nxc5 Nxc5 11. dxc5 Bxc5 12. h3 Bd7 13. a4 f5 14. exf6 Qxf6 15.
Be3 Bxe3 16. fxe3 Qg7 17. Qb3 O-O-O 18. Qb6 Be8 19. Nd4 Rd6 20. Nxc6 Rxc6 21.
Qa7 Qc7 22. a5 h5 23. Rf6 g4 24. h4 Qe7 25. Rf4 Rc7 26. Qa8+ Kd7 27. Bc2 Qd8
28. Qa7 Rg8 29. Rd1 Ke7 30. Qd4 Rd7 31. e4 Kd6 32. exd5 e5 33. Qe3 Rdg7 34. Rc4
1-0

[Event "4MCR_3DW_1L_1S"]
[Site "CR"]
[Date "2011.??.??"]
[Round "?"]
[White "Vozda, Jindrich"]
[Black "Kudr, Roman"]
[Result "1-0"]
[WhiteElo "2451"]
[BlackElo "2224"]
[Annotator "077"]
[PlyCount "83"]
[EventDate "2011.??.??"]
[EventType "corr"]

1. e4 e5 2. Nf3 Nc6 3. Bb5 a6 4. Ba4 Nf6 5. O-O Be7 6. Re1 b5 7. Bb3 d6 8. c3
O-O 9. h3 Na5 10. Bc2 c5 11. d4 Qc7 12. d5 Bd7 13. b3 Rfe8 14. Be3 g6 15. Nbd2
Nb7 16. Nh2 Rab8 17. a3 Rec8 18. Qf3 Qd8 19. Nhf1 Nh5 20. Ng3 Nxg3 21. fxg3 Bg5
22. Rf1 Be8 23. Rf2 c4 24. b4 a5 25. Nf1 Ra8 26. Nh2 axb4 27. Bxg5 Qxg5 28.
cxb4 h5 29. h4 Qe7 30. g4 Qxh4 31. gxh5 gxh5 32. Qe3 f6 33. Raf1 Qg5 34. Qh3
Rc7 35. Rf5 Qg7 36. Rxf6 Nd8 37. R6f3 Bg6 38. Rg3 Rf7 39. Qh4 Qh7 40. Rf6 Rg7
41. Nf3 Nf7 42. Qh3 1-0

[Event "4MCR_3DW_1L_1S"]
[Site "CR"]
[Date "2011.??.??"]
[Round "?"]
[White "Vozda, Jindrich"]
[Black "Nepustil, Frantisek"]
[Result "1/2-1/2"]
[WhiteElo "2451"]
[BlackElo "2360"]
[Annotator "078"]
[PlyCount "97"]
[EventDate "2011.??.??"]
[EventType "corr"]

1. e4 c5 2. Nf3 Nc6 3. d4 cxd4 4. Nxd4 Nf6 5. Nc3 d6 6. Bg5 e6 7. Qd3 a6 8.
Nxc6 bxc6 9. O-O-O d5 10. Qe3 Be7 11. Bxf6 gxf6 12. Bc4 Bb7 13. Rhe1 Rg8 14.
Qh6 Qa5 15. Qxh7 Rf8 16. exd5 cxd5 17. Bxd5 Bxd5 18. Nxd5 exd5 19. Qf5 Rd8 20.
Qxf6 Qc7 21. Rd3 Rd6 22. Qe5 Qd7 23. Red1 f5 24. Rxd5 Qe6 25. h4 Qxe5 26. Rxe5
Rg6 27. g3 f4 28. h5 Rg5 29. Rde1 Rxe5 30. Rxe5 fxg3 31. fxg3 Rf1+ 32. Kd2 Rg1
33. Re3 Kd7 34. Kd3 Bg5 35. Rf3 Ke6 36. b4 Rh1 37. g4 Rg1 38. Rh3 Rxg4 39. a3
Bh6 40. Kc3 Kd5 41. Kb3 Kc6 42. Rf3 Bf4 43. Rc3+ Kb6 44. Rh3 Bh6 45. c3 Kc7 46.
Rf3 Bf4 47. Rd3 Bc1 48. a4 Rh4 49. Rd5 1/2-1/2

[Event "4MCR_3DW_1L_1S"]
[Site "CR"]
[Date "2011.??.??"]
[Round "?"]
[White "Vozda, Jindrich"]
[Black "Koehler, Josef"]
[Result "1/2-1/2"]
[WhiteElo "2451"]
[BlackElo "2161"]
[Annotator "079"]
[PlyCount "123"]
[EventDate "2011.??.??"]
[EventType "corr"]

1. e4 c6 2. c4 d5 3. exd5 cxd5 4. cxd5 Nf6 5. Nc3 Nxd5 6. Nf3 Nc6 7. Bb5 e6 8.
O-O Be7 9. d4 O-O 10. Re1 Qd6 11. a3 Rd8 12. Bd3 Nf6 13. Be3 b6 14. Qe2 Bb7 15.
Rad1 h6 16. Bb1 Rac8 17. Ba2 Qc7 18. h3 Rd7 19. Rd2 Rcd8 20. Red1 a6 21. Rd3 b5
22. b4 Ba8 23. Bb3 a5 24. d5 exd5 25. Nxb5 Qb8 26. Ba4 axb4 27. Nbd4 Rc7 28.
Bf4 Bd6 29. Bxd6 Rxd6 30. axb4 Nxd4 31. Nxd4 Rc4 32. Bc2 Rxb4 33. Rg3 Kh8 34.
Nf5 Re6 35. Qd3 Ne4 36. Nxg7 Re5 37. Re1 Qb5 38. Qd1 Nxg3 39. Rxe5 Kxg7 40.
fxg3 Rc4 41. Rf5 Qc5+ 42. Rf2 Qe3 43. Qh5 Qe6 44. Kh2 Bc6 45. Qd1 Qe3 46. Qf1
Be8 47. Re2 Qd4 48. Qf5 Kf8 49. Re5 Qb6 50. Bd1 Re4 51. Rxe4 dxe4 52. Qxe4 Qd6
53. Bb3 Qf6 54. Qa8 Qd4 55. Qc8 Ke7 56. Qc1 Qf6 57. Qc5+ Qd6 58. Qe3+ Kf8 59.
Qf4 Ke7 60. Bc4 Qf6 61. Qc7+ Kf8 62. Qb8 1/2-1/2

[Event "4MCR_3DW_1L_1S"]
[Site "CR"]
[Date "2011.??.??"]
[Round "?"]
[White "Kudr, Roman"]
[Black "Vozda, Jindrich"]
[Result "1/2-1/2"]
[WhiteElo "2224"]
[BlackElo "2451"]
[Annotator "080"]
[PlyCount "108"]
[EventDate "2011.??.??"]
[EventType "corr"]

1. e4 e5 2. Nf3 Nc6 3. Bb5 a6 4. Ba4 Nf6 5. O-O Be7 6. Re1 b5 7. Bb3 Bb7 8. d3
O-O 9. a4 d6 10. Nc3 Na5 11. Ba2 b4 12. Ne2 c5 13. Ng3 Bc8 14. h3 Rb8 15. Nd2
Be6 16. Bc4 Bc8 17. Ngf1 Nd7 18. Ne3 Nb6 19. Ba2 Bg5 20. Ndc4 Naxc4 21. Bxc4
Kh8 22. a5 Nxc4 23. dxc4 Be6 24. b3 Rb7 25. Nd5 Bh4 26. Ne3 Bg5 27. Nf5 Bxc1
28. Qxc1 g6 29. Ng3 f5 30. Qh6 f4 31. Nf1 Rg7 32. Red1 Qe7 33. Rd3 g5 34. Nh2
Rg6 35. Qh5 g4 36. hxg4 Qg7 37. Rh3 Bxg4 38. Nxg4 Rxg4 39. Kf1 f3 40. g3 Rg6
41. Rh1 Rff6 42. Rg1 Qg8 43. Qh3 Rh6 44. Qd7 Qg6 45. Re1 Rh2 46. Re3 Qh6 47.
Ke1 Rg2 48. Rf1 Rxg3 49. Kd1 Rg2 50. Qc8+ Kg7 51. Ree1 Qh4 52. Qd7+ Kh6 53. Rh1
Rh2 54. Rxh2 Qxh2 1/2-1/2

[Event "4MCR_3DW_1L_1S"]
[Site "CR"]
[Date "2011.??.??"]
[Round "?"]
[White "Pravec, Ladislav"]
[Black "Vozda, Jindrich"]
[Result "1/2-1/2"]
[WhiteElo "2331"]
[BlackElo "2451"]
[Annotator "081"]
[PlyCount "104"]
[EventDate "2011.??.??"]
[EventType "corr"]

1. d4 e6 2. c4 Nf6 3. Nf3 b6 4. g3 Ba6 5. b3 d5 6. Bg2 Bb4+ 7. Bd2 Be7 8. cxd5
exd5 9. Nc3 O-O 10. O-O Re8 11. Rc1 Nbd7 12. Ne5 Bb7 13. Bf4 Nf8 14. Nd3 Ne6
15. Be5 Ng4 16. Bf4 c6 17. Bd2 Nf6 18. Be3 Ba3 19. Rc2 Qe7 20. Qd2 Rad8 21. f3
Nc5 22. Bf2 Nxd3 23. Qxd3 h6 24. e3 Ra8 25. Re1 Qd7 26. e4 dxe4 27. fxe4 Ng4
28. Rd1 Rad8 29. Qf3 Bb4 30. h3 Nxf2 31. Qxf2 c5 32. d5 Bc8 33. Qf4 f5 34. d6
Bxc3 35. Rxc3 fxe4 36. Re3 Bb7 37. Bxe4 Bxe4 38. Rxe4 Rf8 39. Qd2 Qxh3 40. Qe1
Rf6 41. Re8+ Rxe8 42. Qxe8+ Rf8 43. Qe5 Qd7 44. Qd5+ Qf7 45. Qd2 Rd8 46. d7 Qe6
47. Qd3 g6 48. Kh2 Kf7 49. a3 Kg7 50. Qc3+ Kh7 51. Qd3 h5 52. Rd2 Kh6 1/2-1/2

[Event "4MCR_3DW_1L_1S"]
[Site "CR"]
[Date "2011.??.??"]
[Round "?"]
[White "Hladecek, Miloslav"]
[Black "Vozda, Jindrich"]
[Result "1-0"]
[WhiteElo "2412"]
[BlackElo "2451"]
[Annotator "082"]
[PlyCount "105"]
[EventDate "2011.??.??"]
[EventType "corr"]

1. e4 e5 2. Nf3 Nc6 3. Bb5 a6 4. Ba4 Nf6 5. O-O Nxe4 6. d4 b5 7. Bb3 d5 8. dxe5
Be6 9. Nbd2 Nc5 10. c3 Nxb3 11. Nxb3 Be7 12. Nfd4 Nxd4 13. cxd4 a5 14. Qc2 Qd7
15. Bd2 Bf5 16. Qc1 a4 17. Nc5 Qc6 18. Bb4 Qg6 19. Qd2 O-O 20. Rae1 Rfb8 21.
Re3 Rb6 22. Rg3 Qh6 23. Qxh6 Rxh6 24. Rc3 Rg6 25. f3 h5 26. a3 c6 27. Nb7 Bxb4
28. axb4 Bh3 29. Rf2 Bf5 30. Nc5 Rc8 31. h4 Rh6 32. b3 axb3 33. Nxb3 Re6 34.
Ra2 f6 35. Ra7 Kf8 36. Nc5 Re7 37. Rca3 Rcc7 38. Rxc7 Rxc7 39. exf6 gxf6 40.
Kh2 Re7 41. Ra6 Rc7 42. Kg3 Kg7 43. Kf4 Kg6 44. g3 Bc8 45. Ra8 Kf7 46. g4 Kg6
47. Kg3 Kg7 48. Nd3 hxg4 49. fxg4 Be6 50. Nc5 Bg8 51. Rd8 Kf7 52. Rd7+ Rxd7 53.
Nxd7 1-0

[Event "4MCR_3DW_1L_1S"]
[Site "CR"]
[Date "2011.??.??"]
[Round "?"]
[White "Canibal, Jaromir"]
[Black "Vozda, Jindrich"]
[Result "1/2-1/2"]
[WhiteElo "2293"]
[BlackElo "2451"]
[Annotator "083"]
[PlyCount "108"]
[EventDate "2011.??.??"]
[EventType "corr"]

1. e4 e5 2. Nf3 Nc6 3. Bb5 a6 4. Ba4 Nf6 5. O-O Be7 6. Re1 b5 7. Bb3 O-O 8. c3
Bb7 9. d4 Na5 10. dxe5 Nxb3 11. exf6 Nxa1 12. fxe7 Qxe7 13. Bg5 f6 14. Bh4 Bxe4
15. Nbd2 Bxf3 16. Nxf3 Qf7 17. Qxa1 Rae8 18. Bg3 Rxe1+ 19. Nxe1 d6 20. b3 h6
21. Qd1 f5 22. Bf4 Re8 23. h4 Qe7 24. Nf3 Qe2 25. Qd5+ Qe6 26. Qxe6+ Rxe6 27.
Kf1 Kf7 28. h5 Kf6 29. Nd4 Re8 30. Nc2 Ke6 31. Ke2 Rb8 32. Nd4+ Kf6 33. Kf3 Re8
34. Nc6 Kf7 35. Be3 g5 36. hxg6+ Kxg6 37. Nb4 c5 38. Nd5 Kf7 39. Ke2 h5 40. g3
Rh8 41. Bg5 Ke6 42. Nf4+ Kd7 43. Kd3 Kc6 44. Bf6 Rh7 45. c4 bxc4+ 46. bxc4 Kd7
47. a4 Ke8 48. a5 Kf7 49. Nd5 Ke6 50. Bd8 Rh6 51. Bh4 Rh7 52. Bg5 Rb7 53. Bd2
Rh7 54. Nf4+ Kd7 1/2-1/2

[Event "4MCR_3DW_1L_1S"]
[Site "CR"]
[Date "2011.??.??"]
[Round "?"]
[White "Vozda, Jindrich"]
[Black "Canibal, Jaromir"]
[Result "1/2-1/2"]
[WhiteElo "2451"]
[BlackElo "2293"]
[Annotator "084"]
[PlyCount "105"]
[EventDate "2011.??.??"]
[EventType "corr"]

1. e4 e5 2. Nf3 Nc6 3. Bb5 a6 4. Ba4 Nf6 5. O-O Be7 6. Re1 b5 7. Bb3 O-O 8. c3
Bb7 9. d4 d6 10. Qe2 Re8 11. a4 exd4 12. cxd4 Na5 13. Bc2 Qd7 14. Qd2 Nc6 15.
h3 d5 16. Ne5 Qd6 17. Nxc6 Qxc6 18. e5 Ne4 19. Qd3 g6 20. Bb3 Qb6 21. Nc3 Nxc3
22. a5 Qc6 23. bxc3 Rad8 24. Ba3 Bxa3 25. Rxa3 Qd7 26. Raa1 c5 27. Qd2 Qe7 28.
f4 Bc8 29. Bc2 Kh8 30. Rf1 cxd4 31. cxd4 f5 32. Rfc1 Be6 33. Bd1 Rc8 34. Kh2
Red8 35. Rc5 Rxc5 36. dxc5 d4 37. c6 Qc5 38. Rc1 Bc4 39. Bf3 d3 40. Kg3 Kg7 41.
Qf2 Qxf2+ 42. Kxf2 Kf7 43. Rd1 Ke7 44. Ke3 g5 45. g3 h6 46. Rd2 b4 47. Rb2 b3
48. Kd2 Rb8 49. g4 Be6 50. c7 Rb5 51. gxf5 Bxf5 52. Be4 Bc8 53. Bxd3 1/2-1/2

[Event "4MCR_3DW_1L_1S"]
[Site "CR"]
[Date "2011.??.??"]
[Round "?"]
[White "Hrdy, Roman"]
[Black "Nepustil, Frantisek"]
[Result "0-1"]
[WhiteElo "2333"]
[BlackElo "2360"]
[Annotator "085"]
[PlyCount "100"]
[EventDate "2011.??.??"]
[EventType "corr"]

1. d4 Nf6 2. Bg5 Ne4 3. Bf4 d5 4. e3 Nc6 5. Nc3 e5 6. dxe5 Bb4 7. Nge2 O-O 8.
a3 Ba5 9. h4 Re8 10. f3 Nxc3 11. Nxc3 Bxc3+ 12. bxc3 Nxe5 13. h5 h6 14. Kf2 c6
15. Be2 Qe7 16. Qd4 f6 17. c4 Nxc4 18. Bxc4 dxc4 19. Qxc4+ Be6 20. Qc3 Rad8 21.
Rad1 Rd5 22. e4 Rc5 23. Qb2 Rc4 24. Bd6 Qd8 25. Rd2 f5 26. e5 Rh4 27. Rdd1 b5
28. Qc1 Qb6+ 29. Qe3 Rc4 30. Rc1 c5 31. Rhd1 b4 32. g3 a5 33. Rd3 Qb5 34. c3
Rc8 35. Qe2 bxa3 36. Ra1 f4 37. g4 Qb2 38. Qxb2 axb2 39. Rb1 a4 40. Rxb2 a3 41.
Ra2 Ra4 42. Ra1 a2 43. Rdd1 Rc6 44. Ke1 Ra5 45. Rdc1 Bc4 46. Kd2 Rb6 47. g5
hxg5 48. Be7 g4 49. fxg4 Rb2+ 50. Rc2 Rb1 0-1